000 00765nam a2200205 i 4500
001 124970
003 ES-MaACL
005 20230906192529.0
007 t|
008 070425s1942 sp ||||1| spa d
110 2 _aInstituto Nacional de Previsión (España)
_95180
245 1 3 _aEl Instituto Nacional de Previsión
_b: (su estructura y campo de acción).
260 _aMadrid :
_b[s.n.],
_c1942 (
_fImprenta y Encuadernación de los Sobrinos de la Sucesora de M. Minuesa de los Ríos)
300 _a8 p. ;
_c21 cm.
490 1 _aPublicaciones del Instituto Nacional de Previsión ;
_v548
500 _aSin portada.
830 0 _aPublicaciones del Instituto Nacional de Previsión ;
_v548
_9181151
852 _aES-MaACL
_jC-12631(12)
999 _c124970
_d124970